书目信息 |
| 题名: |
魔牙岛大白鲨
|
|
| 作者: | 凯西 著 ;王小可 译 | |
| 分册: | ||
| 出版信息: | 北京 海洋出版社 2018 |
|
| 页数: | 297页 | |
| 开本: | 23cm | |
| 丛书名: | 海洋新知科普丛书 | |
| 单 册: | ||
| 中图分类: | Q959.41-49 , Q959.4 | |
| 科图分类: | ||
| 主题词: | 鲨鱼--sha yu--普及读物 | |
| 电子资源: | ||
| ISBN: | 978-7-5210-0212-6 | |
| 000 | 01203nam 2200325 450 | |
| 001 | 1955004402 | |
| 005 | 20190111085242.6 | |
| 010 | @a978-7-5210-0212-6@dCNY 59.90 | |
| 099 | @aCAL 012019004843 | |
| 100 | @a20180111d2018 em y0chiy50 ea | |
| 101 | 1 | @achi@ceng |
| 102 | @aCN@b110000 | |
| 105 | @ay z 000yy | |
| 200 | 1 | @a魔牙岛大白鲨@Amo ya dao da bai sha@f(美) 苏珊·凯西著@g王小可译 |
| 210 | @a北京@c海洋出版社@d2018 | |
| 215 | @a297页@d23cm | |
| 225 | 2 | @a海洋新知科普丛书@Ahai yang xin zhi ke pu cong shu |
| 300 | @a国家出版基金项目 “十三五”国家重点出版物出版规划项目 | |
| 312 | @a书名原文:The devil's teeth | |
| 314 | @a苏珊·凯西 (Susan Casey),女,《纽约时报》畅销书作家,前《奥普拉杂志》主编,美国“国家杂志奖”获奖记者。 | |
| 330 | @a本书分为上下部分。法拉隆群岛、鲨鱼季。内容包括:问候恶魔、《地狱之岛》、《群岛史卷》、《初次拜访》、《鲨鱼之神》等。 | |
| 410 | 0 | @12001 @a海洋新知科普丛书 |
| 500 | 10 | @aDevil's teeth@mChinese |
| 606 | 0 | @a鲨鱼@Asha yu@j普及读物 |
| 690 | @aQ959.41-49@v5 | |
| 690 | @aQ959.4@v4 | |
| 701 | 1 | @a凯西@Akai xi@g(Casey, Susan)@4著 |
| 702 | 0 | @a王小可@Awang xiao ke@4译 |
| 801 | 0 | @aCN@bOUQD@c20190108 |
| 905 | @aBZT@dQ959.4@e42 | |
| 魔牙岛大白鲨/(美) 苏珊·凯西著/王小可译.-北京:海洋出版社,2018 |
| 297页;23cm.-(海洋新知科普丛书) |
| 国家出版基金项目 “十三五”国家重点出版物出版规划项目 |
| ISBN 978-7-5210-0212-6:CNY 59.90 |
| 本书分为上下部分。法拉隆群岛、鲨鱼季。内容包括:问候恶魔、《地狱之岛》、《群岛史卷》、《初次拜访》、《鲨鱼之神》等。 |
| ● |
| 相关链接 |
|
|
|
正题名:魔牙岛大白鲨
索取号:Q959.4/42
 
预约/预借
| 序号 | 登录号 | 条形码 | 馆藏地/架位号 | 状态 | 备注 |
| 1 | 864880 | 2000864880 | 第二书库/ [索取号:Q959.4/42] | 在馆 | |
| 2 | 864881 | 2000864881 | 第二书库/ [索取号:Q959.4/42] | 在馆 | |
| 3 | 864882 | 2000864882 | 第二书库/ [索取号:Q959.4/42] | 在馆 |